| 000 | 00673nam a22002055i 4500 | ||
|---|---|---|---|
| 001 | 172741 | ||
| 003 | ES-MaACL | ||
| 005 | 20250520195916.0 | ||
| 008 | 090907q1910 xxu 000 d eng d | ||
| 080 | _a782.1(083.97) | ||
| 100 | 1 |
_aGallet, Louis. _953608 |
|
| 245 | 1 | 0 |
_aMarie-Magdeleine / _cpoème de Louis Gallet ; musique de J. Massenet. |
| 260 |
_a[S.l. : _bs.n., _cca. 1910] |
||
| 300 |
_a[32] p. ; _c23 cm. |
||
| 500 | _aTexto en francés e inglés. | ||
| 650 | 4 |
_aÓperas- _vLibretos. _9137584 |
|
| 700 | 1 |
_aMassenet, Jules, _d1842-1912 _9240595 |
|
| 852 | 4 |
_aES-MaACL _j2298-F-22 _z- Biblioteca Jacinto Martínez Lacalle |
|
| 999 |
_c172741 _d172741 |
||